banner-ar

نصيحة الملوك / (Record no. 30283)

MARC details
000 -الفاتح
حقل البيانات ثابتة الطول 00778nam a2200229Ia 4500
005 - وقت وتاريخ اخر تعامل مع التسجيلة
رقم الضبط 20240530102151.0
008 - عناصر البيانات ثابتة الطول - معلومات عامة
حقل البيانات ثابتة الطول 140319s9999 xx 000 0 ara d
040 ## - مصدر الفهرسة
وكالة الفهرسة الأصلية GCL /
وكالة النسخ GCL
082 04 - رقم تصنيف ديوى العشرى
رقم التصنيف 257.1
رقم المادة م ن
100 1# - المدخل الرئيسى - إسم شخصى
الإسم الشخصى المواردى, ابوالحسن على بن محمد
245 10 - بيان العنوان
العنوان نصيحة الملوك /
بيان المسئوليه,etc ابو الحسن الماوردى ؛ اعداد فؤاد عبدالمنعم احمد
260 ## - PUBLICATION, DISTRIBUTION, ETC. (IMPRINT)
تاريخ النشر أو التوزيع 1988
300 ## - الوصف المادى
التعداد 479 ص
650 04 - المدخل الاضافى بالموضوع-مصطلح موضوعى
مصطلح موضوعي الاسلام
650 04 - المدخل الاضافى بالموضوع-مصطلح موضوعى
مصطلح موضوعي الخلافة
650 04 - المدخل الاضافى بالموضوع-مصطلح موضوعى
مصطلح موضوعي الاحكام السلطانية
650 04 - المدخل الاضافى بالموضوع-مصطلح موضوعى
مصطلح موضوعي النظام السياسى
650 04 - المدخل الاضافى بالموضوع-مصطلح موضوعى
مصطلح موضوعي الامامة
700 1# - المدخل الاضافى - اسم شخصى
الإسم الشخصى فؤاد عبدالمنعم احمد
الدور معد
942 ## - عناصر المدخل الإضافي( كوها)
مصدر التصنيف او مخطط الترفيف Dewey Decimal Classification
Koha [default] item type كتاب
260 ## - PUBLICATION, DISTRIBUTION, ETC. (IMPRINT)
-- [S.N] :
-- مؤسسة شباب الجامعة ،
Holdings
حالة التراجع حالة الفقد حالة تلف ليس للاعارة المكان المؤقت الموقع الحالى تاريخ الاكتساب اجمالي اﻻعارات رقم الطلب الباركود تاريخ اخر مشاهدة تاريخ تفعيل السعر نوع وعاء كوها مصدر التصنيف او خطة الترفيف
        مكتبة القاهرة الكبرى مكتبة القاهرة الكبرى 03/26/2014   257.1\م ن 70469 03/26/2014 03/26/2014 كتاب  
        مكتبة القاهرة الكبرى مكتبة القاهرة الكبرى 03/26/2014   257.1\م ن 70470 03/26/2014 03/26/2014 كتاب  
        مكتبة القاهرة الكبرى مكتبة القاهرة الكبرى 10/12/2019   257.1\م ن 166597 10/12/2019 10/12/2019 كتاب ddc
        مكتبة القاهرة الكبرى مكتبة القاهرة الكبرى 10/12/2019   257.1\م ن 166598 10/12/2019 10/12/2019 كتاب ddc

Powered By

EGPV